000 00905nam a2200289 i 4500
001 000010934
003 DO-SdBNP
005 20240412074221.0
007 ta
008 091013s2002 dr 000 p spa d
020 _a9993455148
040 _aDO-SdBNP
_bspa
_cBNPHU
_erda
082 4 _aRD861.44
_bV732m
_222
100 _aVillegas, Víctor
_97744
245 1 0 _aMuerte herida :
_bpoema /
_cVíctor Villegas ; edición, Tomás Castro Burdiez
264 _aSanto Domingo :
_bMediabyte,
_c2002.
300 _a85 páginas;
_c21 cm.
336 _2rdacontent
_atexto
_btxt
337 _2rdamedia
_asin mediació
_bn
338 _2rdacarrier
_asin volumen
_bnc
590 _aInventariado, 2019 / DG
650 4 _aPoesía dominicana
_966
650 0 _aLiteratura dominicana.
_967
700 _aCastro, Tomás,
_d1959-
_eedición
_924641
910 _aValidado. Control de calidad. MMOLINA
942 _2ddc
_cLBS1
999 _c10672
_d10672